Länder mit meisten und wenigsten Kindern und Rentnern - Statistiken

Allgemein
  • Dieses Quiz wurde 129 mal gespielt
  • Das Durchschnittsergebnis liegt bei 8 aus 20
Antwortstatistiken
Prozent Land % Korrekt
12,8% Deutschland
93%
21,5% Deutschland
93%
12,8% Japan
81%
26,9% Japan
81%
50,5% Niger
62%
13,6% Italien
61%
22,7% Italien
61%
13,7% Südkorea
43%
47,4% Mali
37%
21,6% Griechenland
35%
21,2% Portugal
31%
47,5% Tschad
31%
47,6% Angola
16%
2,3% Angola
16%
47,8% Uganda
16%
2,3% Gambia
14%
1,2% Vereinigte Arabische Emirate
10%
1,3% Katar
7%
2,0% Kuwait
6%
13,3% Bosnien und Herzegowina
2%
Keine übereinstimmenden Quizze gefunden
Verteilung der Resultate
Anzahl Personen mit jedem Resultat
Perzentil nach korrekt beantworteten Fragen
Ihre Resultats-Entwicklung
Sie haben dieses Quiz noch nicht gespielt